Industralization of developing countries (Record no. 24173)

MARC details
000 -LEADER
fixed length control field 00295nam a2200109Ia 4500
082 ## - DEWEY DECIMAL CLASSIFICATION NUMBER
Classification number 330.341.424(1-773)
Item number TYA
100 ## - MAIN ENTRY--AUTHOR NAME
Personal name TYAGUNENKO, V L
245 #0 - TITLE STATEMENT
Title Industralization of developing countries
260 ## - PUBLICATION, DISTRIBUTION, ETC. (IMPRINT)
Place of publication Moscow
Name of publisher Progress
Year of publication 1973
942 ## - ADDED ENTRY ELEMENTS (KOHA)
Koha item type Books
Holdings
Withdrawn status Lost status Damaged status Not for loan Home library Current library Date acquired Full call number Accession Number Koha item type
        RRII Library RRII Library 16/12/2021 330.341.424(1-773) TYA 04857 Books